000 01338cam a2200349 a 4500
001 14059796
005 20170105102914.0
008 050801s2005 cu ab b 000 0deng
010 _a 2005931646
020 _a1920888241 (alk. paper)
020 _a9780007322466 (alk. paper)
040 _aDLC
_cDLC
_dDLC
041 1 _aeng
_hspa
043 _as-bo---
050 0 0 _aF3326
_b.G8313 2005
082 0 0 _a984.05
_222
100 1 _aGuevara, Che,
_d1928-1967.
240 1 0 _aDiario del Che en Bolivia.
_lEnglish
245 1 4 _aThe Bolivian diary /
_cErnesto Che Guevara ; introduction by Fidel Castro ; preface by Camilo Guevara.
250 _aAuthorized ed.
260 _a[Havana] :
_bCentro de Estudios Che Guevara :
_aMelbourne [Australia] :
_aNew York :
_bOcean Press,
_c2005.
300 _axi, 303 p. :
_bill., maps ;
_c22 cm.
504 _aIncludes bibliographical references.
600 1 0 _aGuevara, Che,
_d1928-1967
_vDiaries.
650 0 _aGuerrillas
_zBolivia
_xHistory
_y20th century.
650 0 _aSubversive activities
_zBolivia
_xHistory.
650 0 _aRevolutionaries
_zBolivia
_vDiaries.
651 0 _aBolivia
_xHistory
_y1938-1982.
906 _a7
_bcbc
_corignew
_d2
_eepcn
_f20
_gy-gencatlg
942 _2ddc
_cBK
999 _c15278
_d15278